000 00685nam a2200229Ia 4500
003 GCL
008 140319s9999 xx 000 0 ara d
040 _aGCL /
_cGCL
082 0 4 _aق
_b962.39
_bك ت
100 1 _aكازانوفا، بول
245 1 0 _aتاريخ وصف قلعة القاهرة /
_cكازانوفا، بول
700 1 _aجمال محرز
700 1 _aاحمد دراج
260 _a[S.N] :
_bالهيئة المصرية العامة للكتاب ،
_c1974
300 _a253 ص
490 _a
650 0 4 _aمصر
650 0 4 _aالتاريخ الاسلامى
650 0 4 _aالتاريخ
650 0 4 _aقلعة صلاح الدين
942 _2ddc
_cBK
999 _c34130
_d34130